000 00322pab a2200145 454500
008 180718b1987 xxu||||| |||| 00| 0 eng d
100 _aVohra, B.B
245 _aA policy for water management
260 _c1987
300 _a19-20
362 _a4 Apr.
650 _aWater Supply
773 _aCommerce
909 _a20615
999 _c20615
_d20615